Incombustibilidad de edificios
Αποθηκεύτηκε σε:
| Κύριος συγγραφέας: | |
|---|---|
| Μορφή: | Άγνωστο |
| Έκδοση: |
[San José, Costa Rica]
1964
|
| Θέματα: | |
| Ετικέτες: |
Προσθήκη ετικέτας
Δεν υπάρχουν, Καταχωρήστε ετικέτα πρώτοι!
|
MARC
| LEADER | 00000 a2200000 4500 | ||
|---|---|---|---|
| 003 | 011163 | ||
| 005 | 20221231143808.0 | ||
| 008 | 140114s1964 c a m 000 ||s d | ||
| 040 | |c cru CEDI | ||
| 090 | |a TFG 197 | ||
| 100 | |a Quirós Berrocal, Vidal |9 17504 | ||
| 245 | |a Incombustibilidad de edificios | ||
| 260 | |c 1964 |a [San José, Costa Rica] | ||
| 300 | |a 71 hojas, láminas ; 28 cm | ||
| 500 | |a Tesis (Ingeniero Civil) Universidad de Costa Rica | ||
| 650 | |x INCENDIOS - PREVENCION |9 17505 | ||
| 942 | |c TFG | ||
| 999 | |c 12092 |d 12092 | ||
